Social Indicators for Aboriginal Governance (Record no. 96641)

MARC details
000 -LEADER
fixed length control field 00991nam a2200253Ii 4500
008 - FIXED-LENGTH DATA ELEMENTS--GENERAL INFORMATION
fixed length control field 221202s xx 000 0 und d
100 1# - MAIN ENTRY--PERSONAL NAME
Personal name Taylor, John,
Relator term author
245 #0 - TITLE STATEMENT
Title Social Indicators for Aboriginal Governance
246 ## - VARYING FORM OF TITLE
Title proper/short title Insights from the Thamarrurr Region, Northern Territory
264 #1 - PRODUCTION, PUBLICATION, DISTRIBUTION, MANUFACTURE, AND COPYRIGHT NOTICE
Place of production, publication, distribution, manufacture Canberra
Name of producer, publisher, distributor, manufacturer ANU Press
Date of production, publication, distribution, manufacture, or copyright notice 2004
300 ## - PHYSICAL DESCRIPTION
Extent 1 online resource (114 pages)
336 ## - CONTENT TYPE
Content type term text
Content type code txt
Source rdacontent
337 ## - MEDIA TYPE
Media type term computer
Media type code c
Source rdamedia
338 ## - CARRIER TYPE
Carrier type term online resource
Carrier type code cr
Source rdacarrier
490 ## - SERIES STATEMENT
Series statement Research Monograph
Volume/sequential designation 24
520 ## - SUMMARY, ETC.
Summary, etc. Government policy; Social conditions; Aboriginal australians
653 ## - INDEX TERM--UNCONTROLLED
Uncontrolled term Aboriginal Australians
653 ## - INDEX TERM--UNCONTROLLED
Uncontrolled term Census
653 ## - INDEX TERM--UNCONTROLLED
Uncontrolled term Community Development Employment Projects
653 ## - INDEX TERM--UNCONTROLLED
Uncontrolled term Government Policy
653 ## - INDEX TERM--UNCONTROLLED
Uncontrolled term Social Conditions
856 ## - ELECTRONIC LOCATION AND ACCESS
Uniform Resource Identifier <a href="https://docs.google.com/spreadsheets/d/1yKIrdCPDAG_9c22mwoOIO2DOhtj65Wqa/edit?usp=sharing&ouid=106555315294820607512&rtpof=true&sd=true ">https://docs.google.com/spreadsheets/d/1yKIrdCPDAG_9c22mwoOIO2DOhtj65Wqa/edit?usp=sharing&ouid=106555315294820607512&rtpof=true&sd=true </a>
Link text List of Curated E-Books
942 ## - ADDED ENTRY ELEMENTS (KOHA)
Koha item type E-Book

No items available.

University of Rizal System
Email us at univlibservices@urs.edu.ph

Visit our Website www.urs.edu.ph/library